Diccionario jurídico / (Record no. 120495)

MARC details
000 -LEADER
campo de control de longitud fija 01424nam a2200337 4500
003 - IDENTIFICADOR DE NÚMERO DE CONTROL
campo de control BJBSDDR
005 - FECHA Y HORA DE LA ÚLTIMA TRANSACCIÓN
campo de control 20240409125959.0
007 - CAMPO FIJO DE DESCRIPCIÓN FÍSICA--INFORMACIÓN GENERAL
campo de control de longitud fija ta
008 - DATOS DE LONGITUD FIJA--INFORMACIÓN GENERAL
campo de control de longitud fija 150124s2019 ck 00| 0 spa d
020 ## - NÚMERO INTERNACIONAL ESTÁNDAR DEL LIBRO
Número Internacional Estándar del Libro 9789583510519
020 ## - NÚMERO INTERNACIONAL ESTÁNDAR DEL LIBRO
Número Internacional Estándar del Libro 9583510513
040 ## - FUENTE DE CATALOGACIÓN
Lengua de catalogación spa
Centro/agencia transcriptor BJBSDDR
041 ## - CÓDIGO DE IDIOMA
Código de lengua del texto/banda sonora o título independiente spa
Código de lengua original fre
050 14 - SIGNATURA TOPOGRÁFICA DE LA BIBLIOTECA DEL CONGRESO
Número de clasificación R KJV 115
Número de ítem G959d 2019
100 1# - ENTRADA PRINCIPAL--NOMBRE DE PERSONA
Nombre de persona Guillien, Raymond,
Fechas asociadas al nombre 1906-1980
9 (RLIN) 24717
240 10 - TÍTULO UNIFORME
Título uniforme Lexique de termes juridiques.
Lenguaje de la obra Español
245 10 - MENCIÓN DEL TÍTULO
Título Diccionario jurídico /
Mención de responsabilidad, etc. Raymond Guillien, Jean Vincent ; Versión castellana de Jorge Guerrero R. ; bajo la dirección de Serge Guinchard, Gabriel Montagnier; con la colaboración de Jacques Azema y otros.
250 ## - MENCION DE EDICION
Mención de edición Octava reimpresión de la Segunda Edición aumentada y corregida.
260 ## - PUBLICACIÓN, DISTRIBUCIÓN, ETC.
Lugar de publicación, distribución, etc. Bogotá :
Nombre del editor, distribuidor, etc. Editorial Temis,
Fecha de publicación, distribución, etc. 2019.
300 ## - DESCRIPCIÓN FÍSICA
Extensión ix, 417 páginas ;
Dimensiones 22 cm.
500 ## - NOTA GENERAL
Nota general Texto a dos columnas
500 ## - NOTA GENERAL
Nota general Título del original francés: Lexique de termes juridiques
520 ## - RESUMEN, ETC.
Sumario, etc. Este modesto léxico de términos jurídicos pretende colocarse entre otras obras similares, aunque no idénticas, que se han publicado últimamente.
650 #4 - PUNTO DE ACCESO ADICIONAL DE MATERIA--TÉRMINO DE MATERIA
Término de materia o nombre geográfico como elemento de entrada Derecho
Subdivisión de forma Diccionarios
9 (RLIN) 15575
700 1# - ENTRADA AGREGADA--NOMBRE PERSONAL
Nombre de persona Vincent, Jean
9 (RLIN) 25704
700 1# - ENTRADA AGREGADA--NOMBRE PERSONAL
Nombre de persona Guinchard, Serge,
Fechas asociadas al nombre 1946-
9 (RLIN) 5017
Término indicativo de función/relación director
700 1# - ENTRADA AGREGADA--NOMBRE PERSONAL
Nombre de persona Montagnier, Gabriel,
Fechas asociadas al nombre 1932-2009
9 (RLIN) 35134
Término indicativo de función/relación director
700 1# - ENTRADA AGREGADA--NOMBRE PERSONAL
Nombre de persona Guerrero R., Jorge
9 (RLIN) 35133
Término indicativo de función/relación traductor
942 ## - ELEMENTOS DE ENTRADA SECUNDARIOS (KOHA)
Fuente del sistema de clasificación o colocación Clasificación de Library of Congress
Tipo de ítem Koha Libro
946 ## - PROCESAMIENTO DE INFORMACIÓN LOCAL (OCLC)
Iniciales del agente catalogador rmza
Holdings
Estatus retirado Estado de pérdida Fuente del sistema de clasificación o colocación Estado de daño No para préstamo Colección Biblioteca de origen Biblioteca actual Ubicación en estantería Fecha de adquisición Signatura topográfica completa Código de barras Visto por última vez Copia número Tipo de ítem Koha
    Clasificación de Library of Congress     Referencia Biblioteca Juan Bosch Biblioteca Juan Bosch Ciencias Sociales (3er. Piso) 15/01/2024 R KJV 115 G959d 2019 00000174533 15/01/2024 1 Libro